[Event "DEM U10 2021"]
[Site "Willingen GER"]
[Date "2021.08.24"]
[Round "3"]
[White "Gulamzada, Elmir"]
[Black "Zhang, Yibo"]
[Result "1-0"]
[Termination "normal"]
[Board "6"]
[WhiteElo "1342"]
[BlackElo "1313"]
[WhiteClock "00:41:21"]
[BlackClock "00:48:01"]
[PlyCount "129"]
[WhiteFideId "34604332"]
[BlackFideId "16287657"]
[EventCountry "GER"]
[EventRounds "11"]
[EventType "swiss"]
[EventDate "2021.08.22"]

1. e4 {[%clk 01:15:52]} {[%emt 00:00:08]} e5 {[%clk 01:15:56]} {[%emt
00:00:04]} 2. Nf3 {[%clk 01:16:02]} {[%emt 00:00:20]} Nc6 {[%clk 01:16:20]}
{[%emt 00:00:07]} 3. Bc4 {[%clk 01:16:16]} {[%emt 00:00:16]} Bc5 {[%clk
01:16:43]} {[%emt 00:00:07]} 4. c3 {[%clk 01:16:26]} {[%emt 00:00:20]} Nf6
{[%clk 01:17:06]} {[%emt 00:00:07]} 5. d4 {[%clk 01:16:26]} {[%emt 00:00:30]}
exd4 {[%clk 01:17:28]} {[%emt 00:00:07]} 6. cxd4 {[%clk 01:16:24]} {[%emt
00:00:32]} Bb4+ {[%clk 01:17:49]} {[%emt 00:00:10]} 7. Bd2 {[%clk 01:16:22]}
{[%emt 00:00:32]} Bxd2+ {[%clk 01:18:10]} {[%emt 00:00:09]} 8. Nbxd2 {[%clk
01:16:11]} {[%emt 00:00:41]} d5 {[%clk 01:18:26]} {[%emt 00:00:14]} 9. exd5
{[%clk 01:16:19]} {[%emt 00:00:23]} Nxd5 {[%clk 01:18:48]} {[%emt 00:00:07]}
10. O-O {[%clk 01:16:42]} {[%emt 00:00:07]} O-O {[%clk 01:19:01]} {[%emt
00:00:17]} 11. Ne5 {[%clk 01:14:28]} {[%emt 00:02:44]} Nxd4 {[%clk 01:15:59]}
{[%emt 00:03:32]} 12. Nb3 {[%clk 01:14:18]} {[%emt 00:00:40]} Nxb3 {[%clk
01:15:58]} {[%emt 00:00:30]} 13. Bxd5 {[%clk 01:10:04]} {[%emt 00:04:44]} Nxa1
{[%clk 01:09:07]} {[%emt 00:07:21]} 14. Bxf7+ {[%clk 01:09:00]} {[%emt
00:01:34]} Kh8 {[%clk 01:09:30]} {[%emt 00:00:07]} 15. Qh5 {[%clk 01:09:10]}
{[%emt 00:00:19]} h6 {[%clk 01:08:33]} {[%emt 00:01:28]} 16. Rd1 {[%clk
01:09:23]} {[%emt 00:00:17]} Qf6 {[%clk 00:55:14]} {[%emt 00:13:49]} 17. Ng6+
{[%clk 01:07:59]} {[%emt 00:01:55]} Kh7 {[%clk 00:55:24]} {[%emt 00:00:19]} 18.
Nxf8+ {[%clk 01:08:21]} {[%emt 00:00:07]} Kh8 {[%clk 00:55:50]} {[%emt
00:00:05]} 19. Rxa1 {[%clk 01:07:49]} {[%emt 00:01:02]} Bg4 {[%clk 00:54:23]}
{[%emt 00:01:56]} 20. Qxg4 {[%clk 01:06:57]} {[%emt 00:01:23]} Rxf8 {[%clk
00:54:35]} {[%emt 00:00:18]} 21. Bc4 {[%clk 01:06:33]} {[%emt 00:00:53]} Qxf2+
{[%clk 00:54:19]} {[%emt 00:00:46]} 22. Kh1 {[%clk 01:04:51]} {[%emt 00:02:13]}
Re8 {[%clk 00:52:29]} {[%emt 00:02:19]} 23. Qf3 {[%clk 00:57:53]} {[%emt
00:07:28]} Qxb2 {[%clk 00:49:51]} {[%emt 00:03:09]} 24. Rf1 {[%clk 00:51:52]}
{[%emt 00:06:30]} c6 {[%clk 00:46:29]} {[%emt 00:03:53]} 25. Bb3 {[%clk
00:51:29]} {[%emt 00:00:53]} Qe5 {[%clk 00:41:48]} {[%emt 00:05:11]} 26. Bc2
{[%clk 00:48:56]} {[%emt 00:03:00]} Qc5 {[%clk 00:41:46]} {[%emt 00:00:35]} 27.
Qd3 {[%clk 00:46:52]} {[%emt 00:02:34]} g6 {[%clk 00:40:09]} {[%emt 00:02:07]}
28. Qxg6 {[%clk 00:44:44]} {[%emt 00:02:38]} Qe7 {[%clk 00:40:26]} {[%emt
00:00:13]} 29. Qxh6+ {[%clk 00:44:23]} {[%emt 00:00:51]} Kg8 {[%clk 00:40:51]}
{[%emt 00:00:04]} 30. Qg6+ {[%clk 00:44:25]} {[%emt 00:00:29]} Kh8 {[%clk
00:41:16]} {[%emt 00:00:05]} 31. h3 {[%clk 00:44:28]} {[%emt 00:00:27]} c5
{[%clk 00:41:01]} {[%emt 00:00:45]} 32. Qf7 {[%clk 00:41:31]} {[%emt 00:03:27]}
Qxf7 {[%clk 00:40:46]} {[%emt 00:00:45]} 33. Rxf7 {[%clk 00:41:52]} {[%emt
00:00:10]} b5 {[%clk 00:41:09]} {[%emt 00:00:07]} 34. Rxa7 {[%clk 00:35:47]}
{[%emt 00:06:35]} b4 {[%clk 00:40:37]} {[%emt 00:01:02]} 35. Rc7 {[%clk
00:35:31]} {[%emt 00:00:45]} Re5 {[%clk 00:40:49]} {[%emt 00:00:17]} 36. Bb3
{[%clk 00:35:51]} {[%emt 00:00:11]} c4 {[%clk 00:40:23]} {[%emt 00:00:56]} 37.
Bxc4 {[%clk 00:36:05]} {[%emt 00:00:15]} Re1+ {[%clk 00:40:43]} {[%emt
00:00:11]} 38. Kh2 {[%clk 00:36:27]} {[%emt 00:00:08]} b3 {[%clk 00:40:57]}
{[%emt 00:00:16]} 39. Bxb3 {[%clk 00:36:50]} {[%emt 00:00:08]} Rh1+ {[%clk
00:41:19]} {[%emt 00:00:06]} 40. Kg3 {[%clk 00:36:48]} {[%emt 00:00:33]} Rxh3+
{[%clk 00:41:43]} {[%emt 00:00:06]} 41. Kf2 {[%clk 00:37:02]} {[%emt 00:00:16]}
Rf3+ {[%clk 00:42:05]} {[%emt 00:00:08]} 42. Ke2 {[%clk 00:36:56]} {[%emt
00:00:36]} Re3+ {[%clk 00:41:48]} {[%emt 00:00:47]} 43. Kd2 {[%clk 00:37:14]}
{[%emt 00:00:12]} Re2+ {[%clk 00:41:43]} {[%emt 00:00:35]} 44. Kc3 {[%clk
00:36:14]} {[%emt 00:01:30]} Re3+ {[%clk 00:42:02]} {[%emt 00:00:11]} 45. Kb2
{[%clk 00:36:21]} {[%emt 00:00:23]} Re2+ {[%clk 00:41:42]} {[%emt 00:00:50]}
46. Rc2 {[%clk 00:36:44]} {[%emt 00:00:07]} Re7 {[%clk 00:42:06]} {[%emt
00:00:06]} 47. g4 {[%clk 00:36:53]} {[%emt 00:00:21]} Rc7 {[%clk 00:42:31]}
{[%emt 00:00:05]} 48. Rg2 {[%clk 00:36:57]} {[%emt 00:00:25]} Rg7 {[%clk
00:42:46]} {[%emt 00:00:15]} 49. Rh2+ {[%clk 00:37:14]} {[%emt 00:00:14]} Rh7
{[%clk 00:43:08]} {[%emt 00:00:08]} 50. Rxh7+ {[%clk 00:37:39]} {[%emt
00:00:04]} Kxh7 {[%clk 00:43:34]} {[%emt 00:00:05]} 51. a4 {[%clk 00:38:01]}
{[%emt 00:00:08]} Kg6 {[%clk 00:43:48]} {[%emt 00:00:15]} 52. Bd1 {[%clk
00:38:06]} {[%emt 00:00:25]} Kf6 {[%clk 00:44:09]} {[%emt 00:00:10]} 53. a5
{[%clk 00:38:19]} {[%emt 00:00:17]} Ke7 {[%clk 00:44:25]} {[%emt 00:00:14]} 54.
a6 {[%clk 00:38:40]} {[%emt 00:00:08]} Kf7 {[%clk 00:44:50]} {[%emt 00:00:06]}
55. a7 {[%clk 00:39:05]} {[%emt 00:00:06]} Ke6 {[%clk 00:45:06]} {[%emt
00:00:13]} 56. a8=Q {[%clk 00:39:16]} {[%emt 00:00:20]} Ke5 {[%clk 00:45:23]}
{[%emt 00:00:12]} 57. Qf3 {[%clk 00:39:29]} {[%emt 00:00:16]} Kd4 {[%clk
00:45:48]} {[%emt 00:00:05]} 58. g5 {[%clk 00:39:29]} {[%emt 00:00:30]} Ke5
{[%clk 00:46:11]} {[%emt 00:00:08]} 59. g6 {[%clk 00:39:47]} {[%emt 00:00:12]}
Ke6 {[%clk 00:46:28]} {[%emt 00:00:12]} 60. g7 {[%clk 00:40:11]} {[%emt
00:00:06]} Kd6 {[%clk 00:46:50]} {[%emt 00:00:08]} 61. g8=Q {[%emt 00:00:31]}
Kc5 {[%clk 00:47:02]} {[%emt 00:00:14]} 62. Qf5+ {[%clk 00:40:31]} {[%emt
00:00:13]} Kc6 {[%clk 00:47:15]} {[%emt 00:00:17]} 63. Qgg6+ {[%clk 00:40:56]}
{[%emt 00:00:06]} Kc7 {[%clk 00:47:36]} {[%emt 00:00:09]} 64. Qff7+ {[%clk
00:41:21]} {[%emt 00:00:05]} Kd8 {[%clk 00:48:01]} {[%emt 00:00:05]} 65. Qgg8#
{[%emt 00:00:08]} 1-0

[Event "DEM U10 2021"]
[Site "Willingen GER"]
[Date "2021.08.24"]
[Round "3"]
[White "Peglau, Paul David"]
[Black "Rau, Eduard"]
[Result "0-1"]
[Termination "normal"]
[Board "7"]
[WhiteElo "1365"]
[BlackElo "1276"]
[WhiteClock "00:42:37"]
[BlackClock "01:22:45"]
[PlyCount "116"]
[WhiteFideId "16290550"]
[BlackFideId "16287231"]
[EventCountry "GER"]
[EventRounds "11"]
[EventType "swiss"]
[EventDate "2021.08.22"]

1. d4 {[%clk 01:15:58]} Nf6 {[%clk 01:15:58]} {[%emt 00:00:02]} 2. Nf3 {[%clk
01:16:16]} {[%emt 00:00:14]} d5 {[%clk 01:16:21]} {[%emt 00:00:06]} 3. Bf4
{[%clk 01:16:37]} {[%emt 00:00:09]} Bf5 {[%clk 01:16:45]} {[%emt 00:00:06]} 4.
e3 {[%clk 01:16:14]} {[%emt 00:00:52]} e6 {[%clk 01:17:08]} {[%emt 00:00:08]}
5. c4 {[%clk 01:16:10]} {[%emt 00:00:35]} c5 {[%clk 01:17:26]} {[%emt
00:00:12]} 6. Nc3 {[%clk 01:14:31]} {[%emt 00:02:09]} a6 {[%clk 01:15:56]}
{[%emt 00:02:00]} 7. dxc5 {[%clk 01:08:34]} {[%emt 00:06:27]} Bxc5 {[%clk
01:15:43]} {[%emt 00:00:42]} 8. cxd5 {[%clk 01:06:22]} {[%emt 00:02:42]} exd5
{[%clk 01:15:37]} {[%emt 00:00:37]} 9. Qb3 {[%clk 01:04:01]} {[%emt 00:02:50]}
Nc6 {[%emt 00:01:37]} 10. Qxb7 {[%clk 01:02:36]} {[%emt 00:01:38]} Nb4 {[%clk
01:13:10]} {[%emt 00:02:03]} 11. Rc1 {[%clk 00:57:18]} {[%emt 00:05:51]} O-O
{[%clk 01:12:44]} {[%emt 00:00:56]} 12. Qc7 {[%clk 00:56:54]} {[%emt 00:00:55]}
Qxc7 {[%clk 01:12:38]} {[%emt 00:00:36]} 13. Bxc7 {[%emt 00:00:25]} d4 {[%clk
01:12:47]} 14. exd4 {[%clk 00:55:06]} {[%emt 00:02:44]} Rfe8+ {[%clk 01:13:06]}
{[%emt 00:00:08]} 15. Kd2 {[%clk 00:54:31]} {[%emt 00:01:07]} Rac8 {[%clk
01:12:53]} {[%emt 00:00:41]} 16. Ba5 {[%clk 00:51:24]} {[%emt 00:03:39]} Bf8
{[%clk 01:13:13]} {[%emt 00:00:10]} 17. h3 {[%clk 00:48:26]} {[%emt 00:03:28]}
Nc6 {[%clk 01:13:20]} {[%emt 00:00:20]} 18. Bxa6 {[%clk 00:46:38]} {[%emt
00:02:21]} Nxa5 {[%clk 01:13:39]} {[%emt 00:00:11]} 19. Bxc8 {[%clk 00:46:48]}
{[%emt 00:00:20]} Nc4+ {[%clk 01:14:01]} {[%emt 00:00:09]} 20. Kd1 {[%clk
00:46:12]} {[%emt 00:01:05]} Nxb2+ {[%clk 01:14:19]} {[%emt 00:00:11]} 21. Kd2
{[%clk 00:46:26]} {[%emt 00:00:16]} Nc4+ {[%clk 01:14:14]} {[%emt 00:00:36]}
22. Kd1 {[%clk 00:46:35]} {[%emt 00:00:22]} Rxc8 {[%clk 01:14:43]} 23. Na4
{[%clk 00:45:12]} {[%emt 00:01:52]} Ba3 {[%clk 01:14:10]} {[%emt 00:00:55]} 24.
Ra1 {[%clk 00:43:30]} {[%emt 00:02:20]} Nb2+ {[%clk 01:14:32]} {[%emt
00:00:08]} 25. Nxb2 {[%clk 00:43:07]} {[%emt 00:00:53]} Bxb2 {[%clk 01:14:44]}
{[%emt 00:00:18]} 26. Kd2 {[%clk 00:43:03]} {[%emt 00:00:34]} Rc2+ {[%clk
01:15:02]} {[%emt 00:00:11]} 27. Kd1 {[%clk 00:42:14]} {[%emt 00:01:20]} Bxa1
{[%clk 01:15:01]} {[%emt 00:00:31]} 28. g4 {[%clk 00:41:46]} {[%emt 00:00:58]}
Be4 {[%clk 01:15:11]} {[%emt 00:00:20]} 29. Re1 {[%clk 00:41:57]} {[%emt
00:00:19]} Bb2 {[%clk 01:14:52]} {[%emt 00:00:48]} 30. Nd2 {[%clk 00:40:21]}
{[%emt 00:02:06]} Rc1+ {[%clk 01:13:29]} {[%emt 00:01:54]} 31. Ke2 {[%clk
00:40:21]} {[%emt 00:00:30]} Rxe1+ {[%clk 01:13:44]} {[%emt 00:00:14]} 32. Kxe1
{[%clk 00:40:48]} {[%emt 00:00:03]} Bd5 {[%clk 01:13:51]} {[%emt 00:00:22]} 33.
g5 {[%clk 00:40:30]} {[%emt 00:00:50]} Nh5 {[%clk 01:14:06]} {[%emt 00:00:15]}
34. Nb3 {[%clk 00:40:01]} {[%emt 00:00:59]} Nf4 {[%clk 01:14:21]} {[%emt
00:00:14]} 35. h4 {[%clk 00:40:06]} {[%emt 00:00:25]} Kf8 {[%clk 01:14:37]}
{[%emt 00:00:15]} 36. Kd2 {[%clk 00:39:33]} {[%emt 00:01:03]} Bxb3 {[%clk
01:14:55]} {[%emt 00:00:13]} 37. axb3 {[%clk 00:39:50]} {[%emt 00:00:12]} Bxd4
{[%clk 01:15:19]} {[%emt 00:00:05]} 38. b4 {[%clk 00:40:12]} {[%emt 00:00:09]}
Bxf2 {[%clk 01:15:44]} {[%emt 00:00:04]} 39. Kc3 {[%clk 00:40:10]} {[%emt
00:00:33]} Nd5+ {[%clk 01:16:05]} {[%emt 00:00:08]} 40. Kc4 {[%clk 00:40:30]}
{[%emt 00:00:10]} Nxb4 {[%clk 01:16:32]} {[%emt 00:00:04]} 41. Kxb4 {[%clk
00:40:55]} {[%emt 00:00:05]} f6 {[%clk 01:16:52]} {[%emt 00:00:10]} 42. Kc4
{[%clk 00:39:44]} {[%emt 00:01:40]} f5 {[%clk 01:17:14]} {[%emt 00:00:08]} 43.
Kd3 {[%clk 00:40:09]} {[%emt 00:00:05]} Ke7 {[%clk 01:17:36]} {[%emt 00:00:09]}
44. h5 {[%clk 00:40:29]} {[%emt 00:00:10]} Ke6 {[%clk 01:18:01]} {[%emt
00:00:05]} 45. Ke2 {[%clk 00:40:50]} {[%emt 00:00:08]} Ba7 {[%clk 01:18:25]}
{[%emt 00:00:06]} 46. Kf3 {[%clk 00:41:12]} {[%emt 00:00:09]} Ke5 {[%clk
01:18:51]} {[%emt 00:00:04]} 47. h6 {[%clk 00:41:18]} {[%emt 00:00:23]} g6
{[%clk 01:19:14]} {[%emt 00:00:07]} 48. Kg3 {[%clk 00:41:35]} {[%emt 00:00:14]}
Ke4 {[%clk 01:19:40]} {[%emt 00:00:04]} 49. Kg2 {[%clk 00:40:11]} {[%emt
00:01:54]} f4 {[%clk 01:19:55]} {[%emt 00:00:14]} 50. Kf1 {[%clk 00:40:34]}
{[%emt 00:00:07]} f3 {[%clk 01:20:09]} {[%emt 00:00:17]} 51. Ke1 {[%clk
00:40:44]} {[%emt 00:00:20]} f2+ {[%clk 01:20:25]} {[%emt 00:00:14]} 52. Kf1
{[%clk 00:41:01]} {[%emt 00:00:13]} Ke3 {[%clk 01:20:50]} {[%emt 00:00:05]} 53.
Kg2 {[%clk 00:41:21]} {[%emt 00:00:10]} Bb8 {[%clk 01:21:16]} {[%emt 00:00:04]}
54. Kf1 {[%clk 00:41:28]} {[%emt 00:00:23]} Be5 {[%clk 01:21:42]} {[%emt
00:00:04]} 55. Kg2 {[%clk 00:41:49]} {[%emt 00:00:08]} Ke2 {[%clk 01:22:09]}
{[%emt 00:00:04]} 56. Kh3 {[%clk 00:42:03]} {[%emt 00:00:16]} f1=Q+ {[%clk
01:22:29]} {[%emt 00:00:09]} 57. Kh4 {[%clk 00:42:12]} {[%emt 00:00:21]} Qf4+
{[%clk 01:22:45]} {[%emt 00:00:14]} 58. Kh3 {[%clk 00:42:37]} {[%emt 00:00:06]}
Qg3+ {[%emt 00:00:03]} 0-1

[Event "DEM U10 2021"]
[Site "Willingen GER"]
[Date "2021.08.24"]
[Round "3"]
[White "Ley, Cornelius"]
[Black "Langer, Johann Leander"]
[Result "1-0"]
[Termination "normal"]
[Board "8"]
[WhiteElo "1447"]
[BlackElo "1047"]
[WhiteClock "01:04:12"]
[BlackClock "01:00:18"]
[PlyCount "91"]
[WhiteFideId "34608907"]
[BlackFideId "34607463"]
[EventCountry "GER"]
[EventRounds "11"]
[EventType "swiss"]
[EventDate "2021.08.22"]

1. e4 {[%clk 01:15:57]} {[%emt 00:00:03]} d5 {[%clk 01:15:54]} {[%emt
00:00:07]} 2. exd5 {[%clk 01:16:21]} {[%emt 00:00:05]} Qxd5 {[%clk 01:16:09]}
{[%emt 00:00:16]} 3. Nc3 {[%clk 01:16:42]} {[%emt 00:00:08]} Qa5 {[%clk
01:16:27]} {[%emt 00:00:12]} 4. d4 {[%clk 01:17:04]} {[%emt 00:00:09]} Bf5
{[%clk 01:16:20]} {[%emt 00:00:33]} 5. Bc4 {[%clk 01:16:59]} {[%emt 00:00:37]}
e6 {[%clk 01:16:21]} {[%emt 00:00:28]} 6. Bd2 {[%clk 01:17:15]} {[%emt
00:00:17]} Bb4 {[%clk 01:16:00]} {[%emt 00:00:46]} 7. a3 {[%clk 01:17:01]}
{[%emt 00:00:48]} Bxc3 {[%clk 01:15:55]} {[%emt 00:00:35]} 8. Bxc3 {[%clk
01:17:20]} {[%emt 00:00:12]} Qb6 {[%clk 01:15:57]} {[%emt 00:00:24]} 9. Nf3
{[%clk 01:17:09]} {[%emt 00:00:44]} c6 {[%clk 01:15:43]} {[%emt 00:00:41]} 10.
O-O {[%clk 01:15:57]} {[%emt 00:01:45]} Nd7 {[%clk 01:15:46]} {[%emt 00:00:24]}
11. Re1 {[%clk 01:14:58]} {[%emt 00:01:32]} O-O-O {[%clk 01:15:09]} {[%emt
00:01:06]} 12. Qe2 {[%clk 01:13:17]} {[%emt 00:02:12]} h6 {[%clk 01:15:03]}
{[%emt 00:00:35]} 13. b4 {[%clk 01:08:40]} {[%emt 00:05:08]} f6 {[%clk
01:14:22]} {[%emt 00:01:10]} 14. Bxe6 {[%clk 01:07:14]} {[%emt 00:01:56]} Bxe6
{[%clk 01:13:33]} {[%emt 00:01:18]} 15. Qxe6 {[%clk 01:07:40]} {[%emt
00:00:06]} g5 {[%clk 01:13:15]} {[%emt 00:00:47]} 16. Qc4 {[%clk 01:05:36]}
{[%emt 00:02:34]} h5 {[%clk 01:12:07]} {[%emt 00:01:38]} 17. a4 {[%clk
01:01:38]} {[%emt 00:04:29]} g4 {[%clk 01:10:16]} {[%emt 00:02:20]} 18. Nh4
{[%clk 01:00:33]} {[%emt 00:01:37]} Rf8 {[%clk 01:09:22]} {[%emt 00:01:18]} 19.
Nf5 {[%clk 00:59:40]} {[%emt 00:01:27]} a6 {[%clk 01:08:45]} {[%emt 00:01:06]}
20. b5 {[%clk 00:57:50]} {[%emt 00:02:23]} axb5 {[%clk 01:06:59]} {[%emt
00:02:15]} 21. axb5 {[%clk 00:58:07]} {[%emt 00:00:13]} Kb8 {[%clk 01:03:23]}
{[%emt 00:02:53]} 22. bxc6 {[%clk 00:57:35]} {[%emt 00:02:16]} Qxc6 {[%clk
01:02:38]} {[%emt 00:01:00]} 23. Qxc6 {[%clk 00:58:00]} {[%emt 00:00:19]} bxc6
{[%clk 01:02:57]} {[%emt 00:00:11]} 24. Reb1+ {[%clk 00:58:22]} {[%emt
00:00:07]} Kc7 {[%clk 01:02:39]} {[%emt 00:00:47]} 25. Ra7+ {[%clk 00:58:32]}
{[%emt 00:00:22]} Kc8 {[%clk 01:02:22]} {[%emt 00:00:42]} 26. Ra8+ {[%clk
00:58:06]} {[%emt 00:01:00]} Kc7 {[%clk 01:02:14]} {[%emt 00:00:35]} 27. Ba5+
{[%clk 00:58:29]} {[%emt 00:00:11]} Nb6 {[%clk 01:01:57]} {[%emt 00:00:48]} 28.
Bxb6+ {[%clk 00:58:50]} {[%emt 00:00:08]} Kd7 {[%clk 01:01:49]} {[%emt
00:00:37]} 29. Rxf8 {[%clk 00:59:03]} {[%emt 00:00:17]} Ke6 {[%clk 01:01:32]}
{[%emt 00:00:49]} 30. Nh6 {[%clk 00:58:38]} {[%emt 00:00:54]} Rxh6 {[%clk
01:01:38]} {[%emt 00:00:24]} 31. Rxg8 {[%clk 00:59:00]} {[%emt 00:00:08]} Kf7
{[%clk 01:01:55]} {[%emt 00:00:11]} 32. Rc8 {[%clk 00:59:21]} {[%emt 00:00:11]}
h4 {[%clk 01:01:59]} {[%emt 00:00:26]} 33. Rxc6 {[%clk 00:59:39]} {[%emt
00:00:12]} Kg6 {[%clk 01:01:59]} {[%emt 00:00:27]} 34. Bd8 {[%clk 01:00:04]}
{[%emt 00:00:08]} Kf5 {[%clk 01:01:45]} {[%emt 00:00:44]} 35. Rxf6+ {[%clk
01:00:21]} {[%emt 00:00:14]} Rxf6 {[%clk 01:01:46]} {[%emt 00:00:24]} 36. Bxf6
{[%clk 01:00:48]} {[%emt 00:00:08]} Kxf6 {[%clk 01:02:03]} {[%emt 00:00:12]}
37. Rd1 {[%clk 01:01:11]} {[%emt 00:00:07]} h3 {[%clk 01:01:52]} {[%emt
00:00:40]} 38. d5 {[%clk 01:01:35]} {[%emt 00:00:08]} hxg2 {[%clk 01:01:53]}
{[%emt 00:00:27]} 39. d6 {[%clk 01:01:58]} {[%emt 00:00:08]} g3 {[%clk
01:01:53]} {[%emt 00:00:30]} 40. fxg3 {[%clk 01:02:21]} {[%emt 00:00:07]} Kg5
{[%clk 01:01:47]} {[%emt 00:00:33]} 41. Kxg2 {[%clk 01:02:44]} {[%emt
00:00:11]} Kg4 {[%clk 01:01:32]} {[%emt 00:00:43]} 42. d7 {[%clk 01:03:11]}
{[%emt 00:00:06]} Kh5 {[%clk 01:01:16]} {[%emt 00:00:39]} 43. d8=Q {[%clk
01:03:28]} {[%emt 00:00:18]} Kh6 {[%clk 01:01:24]} {[%emt 00:00:22]} 44. Qf6+
{[%clk 01:03:47]} {[%emt 00:00:10]} Kh7 {[%clk 01:01:37]} {[%emt 00:00:15]} 45.
Rd7+ {[%clk 01:04:12]} {[%emt 00:00:08]} Kg8 {[%clk 01:00:18]} {[%emt
00:01:54]} 46. Qg7# {[%emt 00:00:11]} 1-0

[Event "DEM U10 2021"]
[Site "Willingen GER"]
[Date "2021.08.24"]
[Round "3"]
[White "Wartenberg, Alexander"]
[Black "Rodriguez Klasen, Ennio"]
[Result "1-0"]
[Termination "normal"]
[Board "9"]
[WhiteElo "1424"]
[BlackElo "1341"]
[WhiteClock "00:28:31"]
[BlackClock "00:04:39"]
[PlyCount "49"]
[WhiteFideId "16280768"]
[BlackFideId "16277414"]
[EventCountry "GER"]
[EventRounds "11"]
[EventType "swiss"]
[EventDate "2021.08.22"]

1. e4 {[%clk 01:15:57]} {[%emt 00:00:02]} g6 {[%clk 01:15:48]} {[%emt
00:00:13]} 2. d4 {[%clk 01:16:24]} {[%emt 00:00:04]} Bg7 {[%clk 01:16:13]}
{[%emt 00:00:04]} 3. Nc3 {[%clk 01:16:47]} {[%emt 00:00:07]} d6 {[%clk
01:15:52]} {[%emt 00:00:52]} 4. Be3 {[%clk 01:16:27]} {[%emt 00:00:38]} Nd7
{[%clk 01:14:43]} {[%emt 00:01:50]} 5. Nf3 {[%clk 01:15:44]} {[%emt 00:01:13]}
Nb6 {[%clk 01:02:41]} {[%emt 00:12:32]} 6. Be2 {[%clk 01:15:23]} {[%emt
00:00:40]} Bg4 {[%clk 01:01:26]} {[%emt 00:01:56]} 7. h3 {[%clk 01:15:00]}
{[%emt 00:00:45]} Bxf3 {[%clk 01:00:34]} {[%emt 00:01:30]} 8. Bxf3 {[%clk
01:15:13]} {[%emt 00:00:09]} e6 {[%clk 00:51:50]} {[%emt 00:09:23]} 9. O-O
{[%clk 01:15:13]} {[%emt 00:00:24]} Ne7 {[%clk 00:50:12]} {[%emt 00:02:13]} 10.
Qe2 {[%clk 01:11:05]} {[%emt 00:04:38]} O-O {[%clk 00:49:41]} {[%emt 00:01:01]}
11. Rad1 {[%clk 01:08:30]} {[%emt 00:03:05]} d5 {[%clk 00:46:49]} {[%emt
00:03:23]} 12. e5 {[%clk 01:08:28]} {[%emt 00:00:32]} Nf5 {[%clk 00:40:47]}
{[%emt 00:06:32]} 13. Bf4 {[%clk 01:04:19]} {[%emt 00:04:37]} Qd7 {[%clk
00:28:08]} {[%emt 00:13:09]} 14. Rfe1 {[%clk 01:03:04]} {[%emt 00:01:46]} Rac8
{[%clk 00:21:58]} {[%emt 00:06:40]} 15. Bg4 {[%clk 00:52:49]} {[%emt 00:10:44]}
Nh6 {[%clk 00:16:01]} {[%emt 00:06:28]} 16. Bf3 {[%clk 00:52:26]} {[%emt
00:00:52]} Nf5 {[%clk 00:16:10]} {[%emt 00:00:21]} 17. Nb5 {[%clk 00:35:24]}
{[%emt 00:17:33]} a6 {[%clk 00:15:18]} {[%emt 00:01:22]} 18. Nc3 {[%clk
00:35:41]} {[%emt 00:00:13]} c6 {[%clk 00:11:54]} {[%emt 00:03:55]} 19. Bg4
{[%clk 00:32:50]} {[%emt 00:03:20]} Ne7 {[%clk 00:11:18]} {[%emt 00:01:06]} 20.
Qf3 {[%clk 00:32:30]} {[%emt 00:00:49]} Rc7 {[%clk 00:09:35]} {[%emt 00:02:13]}
21. Qg3 {[%clk 00:29:59]} {[%emt 00:03:02]} h5 {[%clk 00:09:21]} {[%emt
00:00:44]} 22. Be2 {[%clk 00:29:43]} {[%emt 00:00:46]} Nf5 {[%clk 00:08:07]}
{[%emt 00:01:44]} 23. Qh2 {[%clk 00:28:06]} {[%emt 00:02:06]} f6 {[%clk
00:04:17]} {[%emt 00:04:21]} 24. exf6 {[%clk 00:28:12]} {[%emt 00:00:24]} Rxf6
{[%clk 00:04:39]} {[%emt 00:00:08]} 25. Bxc7 {[%clk 00:28:31]} {[%emt
00:00:10]} 1-0